Phương pháp học đàn Organ Keyboard Kỹ thuật luyện ngón T.2

Na minha lista:
Detalhes bibliográficos
Autor principal: Lê Vũ
Formato: Livro
Idioma:Vietnamese
Publicado em: Tp. Hồ Chí Minh Trẻ 2006
Assuntos:
Tags: Adicionar Tag
Sem tags, seja o primeiro a adicionar uma tag!
Thư viện lưu trữ: Trung tâm Học liệu Lê Vũ Hùng, Trường Đại học Đồng Tháp
LEADER 00915pam a22002658a 4500
001 00024898
005 20171026081022.0
008 110725s2006 ||||||viesd
041 0 # |a vie 
082 1 # |a 786.5  |b Đ451T 
100 1 # |a Lê Vũ 
245 1 0 |a Phương pháp học đàn Organ Keyboard  |c Lê Vũ  |n T.2  |b Kỹ thuật luyện ngón 
260 # # |a Tp. Hồ Chí Minh  |b Trẻ  |c 2006 
300 # # |a 87tr.  |b minh họa  |c 30 cm. 
650 |a Nhạc cụ điện tử 
650 |a Âm nhạc 
650 |a Độc tấu 
650 |a Đàn Organ Keyboard 
852 # # |b Kho mượn  |j KM.0002163, KM.0002164, KM.0002165, KM.0002166 
852 # # |b Kho đọc  |j KD.0010051 
852 # # |j KM.0002163  |j KM.0002164  |j KM.0002166  |j KD.0010051  |j KM.0002165 
910 # # |a Ntuyet  |d 25/07/2011 
980 # # |a Trung tâm Học liệu Lê Vũ Hùng, Trường Đại học Đồng Tháp